Kế toán tài chính

Cập nhật các kiến thức cơ bản về kế toán tài chính: Tổ chức công tác kế toán trong các doanh nghiệp, kế toán vật liệu và công cụ dụng cụ, kế toán tiền lương, kế toán chi phí sản xuất..

Bewaard in:
Bibliografische gegevens
Hoofdauteur: Nguyễn, Khắc Hùng
Formaat: Boek
Taal:Undetermined
Gepubliceerd in: Hà Nội Phương đông 2011
Onderwerpen:
Tags: Voeg label toe
Geen labels, Wees de eerste die dit record labelt!
Thư viện lưu trữ: Trung tâm Học liệu Trường Đại học Cần Thơ
LEADER 00869nam a2200205Ia 4500
001 CTU_180400
008 210402s9999 xx 000 0 und d
082 |a 657.8333 
082 |b H513/P.2 
100 |a Nguyễn, Khắc Hùng 
245 0 |a Kế toán tài chính 
245 0 |c Nguyễn Khắc Hùng 
260 |a Hà Nội 
260 |b Phương đông 
260 |c 2011 
520 |a Cập nhật các kiến thức cơ bản về kế toán tài chính: Tổ chức công tác kế toán trong các doanh nghiệp, kế toán vật liệu và công cụ dụng cụ, kế toán tiền lương, kế toán chi phí sản xuất.. 
650 |a Finance,Tài chính 
650 |x Accounting,Kế toán 
904 |i Tuyến 
980 |a Trung tâm Học liệu Trường Đại học Cần Thơ